Realidad social del gaucho rioplatense (1653-1852) /

Guardado en:
Autor Principal: Rodriguez Molas, Ricardo
Formato: Libro
Publicado: Santa Fe : Universidad Nacional del Litoral, 1963.
Materias:
Etiquetas: Agregar Etiqueta
Sin Etiquetas, Sea el primero en etiquetar este registro!
LEADER 00551nam a22001575a 4500
001 EHU.bham001786
008 130507s1963##################000#0#####d
005 20240610080922.0
245 1 0 |a Realidad social del gaucho rioplatense (1653-1852) /  |c Ricardo Rodríguez Molas. 
260 |a Santa Fe :  |b Universidad Nacional del Litoral,  |c 1963. 
300 |a 99-152 p. 
100 1 |a Rodriguez Molas, Ricardo 
082 3 2 |a 323.33 R618 
653 |a Sociología rioplatense 
653 |a gaucho rioplatense 
859 |a AR-BHAM  |b BIB. HUMANIDADES - General  |h 323.33  |i R618  |p 1541.63  |t Ej.1